00685nam a2200217Ia 450000500170000000800410001702000150005804000180007304100080009106000140009910000260011324501490013925000120028826000410030030000160034165000140035765000350037165000170040665000270042370000170045020140903173630.0130821s2000 sp grff spa  a8481744654 aCo-BoUCMbspa00aspa aWY 161251 aSwearingen, Pamela L.10aManual de enfermería médico-quirúrgica intervenciones enfermeras y tratamientos interdisciplinarioscPamela L. Swearingen, Dennis G. Ross a4a. Ed. aMadrid (España)bMosby/Doymac2000 a[1 volumen]04aCirugía04aCuidados intensivos (Medicina)04aEnfermería04aEnfermeríavManuales1 aRoss, Dennis